Elementary soil and water engineering (Record no. 33457)

MARC details
000 -LEADER
fixed length control field 00882cam a2200289 4500
001 - CONTROL NUMBER
control field 1292201
003 - CONTROL NUMBER IDENTIFIER
control field OSt
005 - DATE AND TIME OF LATEST TRANSACTION
control field 20220323100735.0
008 - FIXED-LENGTH DATA ELEMENTS--GENERAL INFORMATION
fixed length control field 710528s1971 nyuab b 001 0 eng
010 ## - LIBRARY OF CONGRESS CONTROL NUMBER
LC control number 76132224
020 ## - INTERNATIONAL STANDARD BOOK NUMBER
International Standard Book Number 0471765260
040 ## - CATALOGING SOURCE
Original cataloging agency DLC
Transcribing agency HU
Modifying agency DLC
050 00 - LIBRARY OF CONGRESS CALL NUMBER
Classification number S623
Item number .S39 1971
082 00 - DEWEY DECIMAL CLASSIFICATION NUMBER
Classification number 631.4SCH1971
100 1# - MAIN ENTRY--PERSONAL NAME
Personal name Schwab, Glenn Orville,
Dates associated with a name 1919-
9 (RLIN) 33910
245 10 - TITLE STATEMENT
Title Elementary soil and water engineering
Statement of responsibility, etc. [by] Glenn O. Schwab [and others]
250 ## - EDITION STATEMENT
Edition statement 2d ed.
260 ## - PUBLICATION, DISTRIBUTION, ETC.
Place of publication, distribution, etc. New York,
Name of publisher, distributor, etc. J. Wiley
Date of publication, distribution, etc. [1971]
300 ## - PHYSICAL DESCRIPTION
Extent vii, 316 p.
Other physical details illus., maps.
Dimensions 24 cm.
504 ## - BIBLIOGRAPHY, ETC. NOTE
Bibliography, etc. note Bibliography: p. 299-307.
650 #0 - SUBJECT ADDED ENTRY--TOPICAL TERM
Topical term or geographic name entry element Soil conservation.
9 (RLIN) 20832
650 #0 - SUBJECT ADDED ENTRY--TOPICAL TERM
Topical term or geographic name entry element Hydraulic engineering.
9 (RLIN) 33911
650 #0 - SUBJECT ADDED ENTRY--TOPICAL TERM
Topical term or geographic name entry element Water conservation.
9 (RLIN) 8828
740 0# - ADDED ENTRY--UNCONTROLLED RELATED/ANALYTICAL TITLE
Uncontrolled related/analytical title Soil and water engineering.
906 ## - LOCAL DATA ELEMENT F, LDF (RLIN)
a 7
b cbc
c orignew
d 2
e ncip
f 19
g y-gencatlg
942 ## - ADDED ENTRY ELEMENTS (KOHA)
Source of classification or shelving scheme Dewey Decimal Classification
Koha item type Books like text book referance book
Suppress in OPAC No
Holdings
Withdrawn status Lost status Source of classification or shelving scheme Damaged status Not for loan Collection code Home library Current library Shelving location Date acquired Total Checkouts Full call number Barcode Date last seen Copy number Price effective from Koha item type
    Dewey Decimal Classification     Reference Wondo Genet Library Wondo Genet Library General Stacks 03/23/2022   631.4SCH1971 WGCFNRL00014246 03/23/2022 1 03/23/2022 Books like text book referance book
    Dewey Decimal Classification     Reference Wondo Genet Library Wondo Genet Library General Stacks 03/28/2022   631.4 SCH 1971 WGCFNRL00015149 03/28/2022 2 03/28/2022 Books like text book referance book